000
00190nam a2200097Ia 4500
100
_a
Gupta-S.P
_9
31
942
_c
BK
245
_a
Statistical methods
260
_c
2021
082
_a
519.5
_b
GUP
999
_c
35846
_d
35846